Lanean...

Electronic communication systems

Xehetasun bibliografikoak
Egile nagusia: Tomasi, Wayne
Formatua: Printed Book
Argitaratua: Delhi Pearson Education Inc. 2004
Edizioa:5th ed.
Gaiak:
LEADER 00549cam a2200181ua 4500
020 |a 81-7758-264-X 
082 |a 621.382  |b TOM/E 
100 0 |a Tomasi, Wayne 
245 1 0 |a Electronic communication systems 
250 |a 5th ed. 
260 |a Delhi  |b Pearson Education Inc.  |c 2004 
300 |a 1180p. 
500 |a Includes index. 
650 |a Communication- Electronic 
650 0 |a Communication system 
942 |c BK 
999 |c 17405  |d 17405 
952 |0 0  |1 0  |4 0  |6 621_382000000000000_TOME  |7 0  |9 18145  |a KUCL  |b KUCL  |d 2014-05-23  |l 0  |o 621.382 TOM/E  |p 18838  |r 2014-05-23  |y BK